| 000 | 00487nam a2200169 i 4500 | ||
|---|---|---|---|
| 001 | 104098 | ||
| 003 | ES-MaACL | ||
| 005 | 20240225063055.0 | ||
| 007 | t| | ||
| 008 | 051123s1976 fr ||||1| fre d | ||
| 100 | 0 |
_aMichel, Louise, _d1830-1905 _980901 |
|
| 245 | 1 | 0 | _aMémoires de Louise Michel écrits par elle-même. |
| 260 |
_aParis : _bFrançois Maspero, _c1976. |
||
| 300 |
_a335 p. ; _c22 cm. |
||
| 852 |
_aES-MaACL _jA-6502 _bR.95391 |
||
| 999 |
_c104098 _d104098 |
||